Digitálne príbehy v nelineárnych dynamických ekonomikách v diskrétnom čase

Základná informácia o nelinearitách a nestabilitách v abstraktných, resp. ekonomicky bližšie neidentifikovaných systémoch. Identifikácia nelineárneho dynamického systému ako ekonomickej úlohy deskriptívneho rastu. Možné príčiny nelinearity a nestability v hospodárskom raste. Dôsledky zavedenia sigm...

Ausführliche Beschreibung

Gespeichert in:
Bibliographische Detailangaben
1. Verfasser: Andrášik, Ladislav
Format: Buchkapitel
Sprache:Slowakisch
Schlagworte:
Tags: Tag hinzufügen
Keine Tags, Fügen Sie das erste Tag hinzu!

MARC

LEADER 00000naa$a2200000$$$4500
001 0076112
005 20240502071906.0
041 0 |a slo 
044 |a SK 
245 1 0 |a Digitálne príbehy v nelineárnych dynamických ekonomikách v diskrétnom čase  |c Ladislav Andrášik 
520 |a Základná informácia o nelinearitách a nestabilitách v abstraktných, resp. ekonomicky bližšie neidentifikovaných systémoch. Identifikácia nelineárneho dynamického systému ako ekonomickej úlohy deskriptívneho rastu. Možné príčiny nelinearity a nestability v hospodárskom raste. Dôsledky zavedenia sigmoidného tvaru grafu investičnej funkcie v modeli cyklického rastu. 
610 2 0 |a systémy informačné 
610 2 0 |a rast hospodársky 
610 2 0 |a modely lineárne 
610 2 0 |a modely nelineárne 
100 1 |a Andrášik, Ladislav